000 00616nam a2200217Ia 4500
003 OSt
005 20220928135951.0
006 a|||||r|||| 00| 0
007 ta
008 220927b |||||||| |||| 00| 0 eng d
024 _a5807
037 _cTextual
040 _aSDCL
_cSDCL
_beng
041 _2eng
_aeng
082 _aO-,2J64,3(S:55):g, K6
100 _aPhialas Peter G
_9493412
245 0 _aShakespeare's romantic comedies
_b The development of their form and meaning.
260 _c1966
942 _hO-,2J64,3(S:55):g, K6
_cTEXL
_2CC
999 _c809222
_d809222